| 000 | 00784nam a2200217 a 4500 | ||
|---|---|---|---|
| 001 | BRL_1843 | ||
| 005 | 20190320211407.0 | ||
| 008 | 070815s1977----mx-b######---#000-0#spa-# | ||
| 041 | _aspa | ||
| 044 | _amx | ||
| 050 | 4 |
_aGT4814 _b.C35 1977 |
|
| 245 | 1 | 0 | _aCalendario de fiestas tradicionales |
| 260 |
_a[México] _bCoordinación de las Culturas Populares : Susecretaría de Cultura y Difusión Popular : SEP _c1977 |
||
| 300 |
_a620 p. _bMapas _c27 cm. |
||
| 500 | _aAu1775 | ||
| 500 | _aEdición mimeográfica de 2,500 fichas de fiestas tradicionales de poblaciones, recopiladas por el Departamento de Extensión Educativa, de la Dirección de Arte Popular. | ||
| 504 | _aBibliografía: p. 620 | ||
| 650 | 1 | 4 |
_aDías festivos _zMexico _926586 |
| 902 | _aGRL | ||
| 942 |
_2lcc _cB |
||
| 999 |
_c10651 _d10651 |
||